01192 2200337 4500001002100000005001500021035002000036007000300056008004100059336002100100337002300121338003800144040002200182100003500204245012100239300003200360504002900392020002200421082001400443084001600457264004400473500006900517538007600586650001900662850001200681852002000693856007500713490002200788990002200810990002200832INLIS00000000086253820210803035804 a0010-0721000773ta210716s2014 jkia gs ind d 2rdacontentateks 2rdamediaakomputer 2rdacarrierasumber sambung jaring aYOPDYOGbinderda0 aWahyu Widhi Wijanarkoepenulis10aMemotret milky way :bkiat mendapatkan foto bima sakti dan star trail yang menawan /cpenulis, Wahyu Widhi Wijanarko a1 berkas komputer (17,0 MB) aBibliografi halaman: 118 a978-602-02-5559-004223a778.9 a778.9 WAH m31aJakarta :bElex Media Komputindo,c2014 aUntuk mengakses buku ini silakan unduh aplikasi http://ijogja.id aAndroid : versi 4.0 atau di atasnya, memori 1 GB, layar tampilan 4-inch 4aFotografi alam aYOPDYOG8 aAplikasi iJogja40nPerpustakaan Digital iJogjauhttp://ijogja.id/publications/books/14030 aSeri tip memotret a001509-EPD/B.2016 a001510-EPD/B.2016